<?xml version="1.0" encoding="UTF-8"?>
<collection xmlns="http://www.loc.gov/MARC21/slim">
 <record>
  <leader>01599cam a2200385  c4500</leader>
  <controlfield tag="001">149947900X</controlfield>
  <controlfield tag="003">DE-627</controlfield>
  <controlfield tag="005">20240308173344.0</controlfield>
  <controlfield tag="007">tu</controlfield>
  <controlfield tag="008">150420s2014    xx |||||      00| ||ita c</controlfield>
  <datafield tag="020" ind1=" " ind2=" ">
   <subfield code="z">9788887744408</subfield>
  </datafield>
  <datafield tag="035" ind1=" " ind2=" ">
   <subfield code="a">(DE-627)149947900X</subfield>
  </datafield>
  <datafield tag="035" ind1=" " ind2=" ">
   <subfield code="a">(DE-576)42947900X</subfield>
  </datafield>
  <datafield tag="035" ind1=" " ind2=" ">
   <subfield code="a">(DE-599)BSZ42947900X</subfield>
  </datafield>
  <datafield tag="035" ind1=" " ind2=" ">
   <subfield code="a">(OCoLC)985070214</subfield>
  </datafield>
  <datafield tag="040" ind1=" " ind2=" ">
   <subfield code="a">DE-627</subfield>
   <subfield code="b">ger</subfield>
   <subfield code="c">DE-627</subfield>
   <subfield code="e">rakwb</subfield>
  </datafield>
  <datafield tag="041" ind1=" " ind2=" ">
   <subfield code="a">ita</subfield>
  </datafield>
  <datafield tag="084" ind1=" " ind2=" ">
   <subfield code="a">6,14</subfield>
   <subfield code="2">ssgn</subfield>
  </datafield>
  <datafield tag="100" ind1="1" ind2=" ">
   <subfield code="a">Greco, Emanuele</subfield>
   <subfield code="4">aut</subfield>
  </datafield>
  <datafield tag="245" ind1="1" ind2="0">
   <subfield code="a">Topografia di Atene</subfield>
   <subfield code="p">Tom. 3. Quartieri a nord e a nord-est dell'Acropoli e Agora del Ceramico</subfield>
   <subfield code="n">2</subfield>
   <subfield code="p">Agora del Ceramico</subfield>
   <subfield code="c">Emanuele Greco, con la collab. di Fausto Longo e Maria Chiara Monaco ... Scuola Archeologica Italiana di Atene</subfield>
  </datafield>
  <datafield tag="246" ind1="1" ind2=" ">
   <subfield code="i">Nebent.</subfield>
   <subfield code="a">SATAA</subfield>
  </datafield>
  <datafield tag="264" ind1=" " ind2="1">
   <subfield code="a">Atene - Paestum</subfield>
   <subfield code="b">Pandemos</subfield>
   <subfield code="c">2014</subfield>
  </datafield>
  <datafield tag="300" ind1=" " ind2=" ">
   <subfield code="a">S. 849 - 1210</subfield>
   <subfield code="b">zahlr. Ill., Kt.</subfield>
   <subfield code="e">4 Falttaf.</subfield>
  </datafield>
  <datafield tag="336" ind1=" " ind2=" ">
   <subfield code="a">Text</subfield>
   <subfield code="b">txt</subfield>
   <subfield code="2">rdacontent</subfield>
  </datafield>
  <datafield tag="337" ind1=" " ind2=" ">
   <subfield code="a">ohne Hilfsmittel zu benutzen</subfield>
   <subfield code="b">n</subfield>
   <subfield code="2">rdamedia</subfield>
  </datafield>
  <datafield tag="338" ind1=" " ind2=" ">
   <subfield code="a">Band</subfield>
   <subfield code="b">nc</subfield>
   <subfield code="2">rdacarrier</subfield>
  </datafield>
  <datafield tag="490" ind1="1" ind2=" ">
   <subfield code="a">Studi di Archeologia e di Topografia di Atene e dell'Attica (SATAA)</subfield>
   <subfield code="v">1</subfield>
  </datafield>
  <datafield tag="583" ind1="1" ind2=" ">
   <subfield code="a">Archivierung/Langzeitarchivierung gewährleistet</subfield>
   <subfield code="f">SSG</subfield>
   <subfield code="x">XA-DE-BW</subfield>
   <subfield code="2">pdager</subfield>
   <subfield code="5">DE-16</subfield>
  </datafield>
  <datafield tag="700" ind1="1" ind2=" ">
   <subfield code="a">Longo, Fausto</subfield>
   <subfield code="4">oth</subfield>
  </datafield>
  <datafield tag="773" ind1="1" ind2="8">
   <subfield code="w">(DE-627)1419591177</subfield>
   <subfield code="w">(DE-576)349591172</subfield>
   <subfield code="g">3,2</subfield>
   <subfield code="q">3,2</subfield>
   <subfield code="7">nnnm</subfield>
  </datafield>
  <datafield tag="787" ind1="0" ind2="8">
   <subfield code="i">Rezensiert in</subfield>
   <subfield code="a">Des Courtils, Jacques</subfield>
   <subfield code="t">[Rezension von: Emanuele Greco (Hrsg.), Topografia di Atene]</subfield>
   <subfield code="d">2016</subfield>
   <subfield code="w">(DE-627)1819043304</subfield>
  </datafield>
  <datafield tag="830" ind1=" " ind2="0">
   <subfield code="a">SATAA</subfield>
   <subfield code="v">1</subfield>
   <subfield code="9">1,3,2</subfield>
   <subfield code="w">(DE-627)60521641X</subfield>
   <subfield code="w">(DE-576)301134502</subfield>
   <subfield code="w">(DE-600)2505880-0</subfield>
   <subfield code="7">ns</subfield>
  </datafield>
  <datafield tag="951" ind1=" " ind2=" ">
   <subfield code="a">MV</subfield>
  </datafield>
  <datafield tag="991" ind1=" " ind2=" ">
   <subfield code="a">Rezensiertes Werk</subfield>
  </datafield>
  <datafield tag="999" ind1=" " ind2=" ">
   <subfield code="a">KXP-PPN149947900X</subfield>
   <subfield code="e">4200646781</subfield>
  </datafield>
 </record>
</collection>
